000 00333nam a2200133Ia 4500
008 240624s9999 xx 000 0 und d
041 _aeng
082 _a658.8 CYR
100 _aCRY DONALD
245 _aMARKETING YOUR PRODUCT
260 _c2002
_aMumbai
_bJaico Publishing House
300 _axviii, : 181 : p. : cm. ; 25
365 _cRS
999 _c741
_d741